The Water Quiz - Statistics

General Stats
  • This quiz has been taken 18 times
  • The average score is 5 of 10
Answer Stats
Hint Answer % Correct
Largest Ocean Pacific Ocean
94%
The Chemical Formula of water H2O
88%
The biggest animal that lives in the water Blue Whale
81%
Smallest Ocean Arctic Ocean
75%
The only ocean named after a country Indian Ocean
69%
The only immortal animal in the world which lives in water immortal jellyfish(turritopsis dohrnii)
13%
The biggest bony fish Sunfish
13%
The difference of the depth of the Oceans in the Ice Age and Now 130 meters below
6%
The name given to marine animals which live at the surface of the water Pelagic Animals
6%
The Fastest fish in the ocean and its speed Sailfish- 68mph(109kmph)
6%
No matching quizzes found
Score Distribution
Percent of People with Each Score
Percentile by Number Answered
Your Score History
You have not taken this quiz